Largest Oceania Cities on a Borderless Map - Statistics

General Stats
  • This quiz has been taken 60 times
  • The average score is 15 of 40
Answers on the Map
Answers color-coded by a green-red scale on the quiz's map according to % correct below.
 
Answer Stats
Answer % Correct
Darwin
83%
Adelaide
80%
Perth
77%
Port Moresby
74%
Auckland
69%
Hobart
69%
Brisbane
60%
Cairns
60%
Canberra
57%
Honiara
54%
Wellington
54%
Gold Coast
51%
Melbourne
51%
Sydney
51%
Christchurch
46%
Nouméa
46%
Suva
43%
Townsville
34%
Dunedin
31%
Jayapura
31%
Launceston
31%
Lae
29%
Sunshine Coast
29%
Hamilton
26%
Mackay
26%
Newcastle
26%
Sorong
26%
Toowoomba
23%
Albury-Wodonga
20%
Palmerston North
20%
Tauranga
20%
Wollongong
20%
Bunbury
17%
Geelong
17%
Timika
17%
Ballarat
14%
Central Coast
14%
Lautoka
14%
Bendigo
11%
Maitland
11%
No matching quizzes found
Score Distribution
Percent of People with Each Score
Percentile by Number Answered
Your Score History
You have not taken this quiz